Statistics for NBA Stat Leaders

Click here to take the quiz!

General Stats

  • This quiz has been taken 230 times
  • The average score is 40 of 136

Answer Stats

GroupHintAnswer% Correct
PPG27.1LeBron James
97%
PPG30.1Michael Jordan
91%
FT%91%Stephen Curry
91%
PPG30.1Wilt Chamberlain
86%
3PT%44%Seth Curry
85%
PPG25.1James Harden
80%
FG%67%DeAndre Jordan
78%
PPG25.0Kobe Bryant
77%
FT%88%Kevin Durant
75%
FG%58%Shaquille O'Neal
75%
PPG27.0Jerry West
72%
APG9.5Chris Paul
67%
FG%58%Mark West
67%
RPG22.5Bill Russell
66%
BPG3.1Hakeem Olajuwon
65%
FG%56%Kareem Abdul-Jabbar
65%
APG11.2Magic Johnson
65%
APG8.3Russell Westbrook
65%
APG10.5John Stockton
63%
FT%89%Ray Allen
62%
FT%89%Larry Bird
61%
FT%89%Damian Lillard
56%
PPG25.0Karl Malone
56%
SPG2.2Allen Iverson
54%
PPG26.7Allen Iverson
54%
FT%90%Steve Nash
54%
RPG13.1Dennis Rodman
53%
PPG27.4Elgin Baylor
53%
3PT%42%Klay Thompson
53%
RPG12.3Moses Malone
52%
SPG2.0Scottie Pippen
52%
FT%88%Kyrie Irving
51%
FT%89%Reggie Miller
47%
BPG3.0David Robinson
46%
FG%57%Amir Johnson
44%
BPG2.5George Johnson
44%
RPG12.1Gus Johnson
44%
APG9.1Kevin Johnson
44%
PPG25.7Oscar Robertson
44%
FG%57%Steve Johnson
44%
FT%88%Dirk Nowitzki
43%
APG8.7Jason Kidd
43%
BPG2.8Dikembe Mutombo
42%
3PT%44%Duncan Robinson
42%
PPG24.2Julius Erving
42%
3PT%45%Steve Kerr
42%
SPG2.7Alvin Robertson
40%
FG%59%Dwight Howard
40%
BPG2.4Anthony Davis
37%
APG9.3Isiah Thomas
37%
3PT%44%Hubert Davis
36%
RPG13.8Andre Drummond
35%
PPG26.3Bob Pettit
35%
APG9.2John Wall
35%
BPG2.5Patrick Ewing
35%
PPG24.8Dominique Wilkins
32%
FG%64%Rudy Gobert
31%
FT%88%Kyle Korver
30%
BPG3.3Manute Bol
30%
APG8.3Rajon Rondo
30%
SPG2.0Gus Williams
29%
FT%89%Rick Barry
29%
APG8.1Deron Williams
28%
PPG25.1George Gervin
27%
FG%55%Kevin McHale
27%
APG8.0Mark Jackson
27%
SPG2.0Clyde Drexler
26%
BPG2.9Elmore Smith
26%
RPG12.5Elvin Hayes
26%
RPG14.0Wes Unseld
26%
BPG2.8Alonzo Mourning
25%
BPG3.5Mark Eaton
25%
PPG24.2Pete Maravich
25%
APG8.2Tim Hardaway
23%
BPG2.2Bill Walton
20%
FT%90%Mark Price
20%
FT%89%J.J. Redick
19%
RPG12.9Willis Reed
19%
FG%56%Bobby Jones
18%
BPG2.6Shawn Bradley
17%
FT%89%Chauncey Billups
16%
FT%89%Peja Stojakovic
16%
PPG24.3Adrian Dantley
15%
RPG12.1Dolph Schayes
13%
3PT%42%Joe Harris
13%
RPG15.0Nate Thurmond
13%
FG%60%Tyson Chandler
13%
RPG13.6Dave Cowens
12%
FG%58%Hassan Whiteside
12%
FG%58%Artis Gilmore
11%
RPG15.6Jerry Lucas
11%
SPG2.1Maurice Cheeks
11%
3PT%41%Buddy Hield
10%
APG8.1Kevin Porter
10%
APG7.8Ricky Rubio
10%
FG%59%Steven Adams
10%
FG%57%JaVale McGee
9%
BPG2.2Tree Rollins
9%
RPG13.7Walt Bellamy
8%
BPG2.4Marcus Camby
7%
FT%88%Jeff Hornacek
6%
SPG2.6Michael Ray Richardson
6%
APG7.6Muggsy Bogues
6%
SPG1.9Ron Lee
6%
FT%89%Scott Skiles
6%
FT%88%Bill Sharman
5%
3PT%44%Drazen Petrovic
4%
SPG2.2Fat Lever
4%
FG%56%Jonas Valanciunas
4%
FT%89%Calvin Murphy
3%
BPG2.2Larry Nance
3%
APG7.7Stephon Marbury
3%
3PT%43%B.J. Armstrong
2%
SPG2.1Brian Taylor
2%
FG%57%Darryl Dawkins
2%
SPG2.4Fatty Taylor
2%
FG%57%James Donaldson
2%
3PT%43%Jason Kapono
2%
SPG2.0Johnny Moore
2%
RPG14.9Mel Daniels
2%
APG8.3Norm Nixon
2%
SPG2.2Slick Watts
2%
BPG2.4Theo Ratliff
2%
3PT%43%Tim Legler
2%
3PT%42%Anthony Morrow
1%
RPG11.9Bill Bridges
1%
FG%57%Bo Outlaw
1%
SPG2.0Don Buse
1%
3PT%41%Doug McDermott
1%
FT%88%Earl Boykins
1%
APG7.8Guy Rodgers
1%
FG%56%Jeff Ruland
1%
3PT%41%Matt Bonner
1%
SPG2.3Mookie Baylock
1%
3PT%43%Steve Novak
1%
3PT%42%Wesley Person
1%

Score Distribution

Percentile by Number Answered

Percent of People with Each Score

Your Score History

You have not taken this quiz